[Event "San Francisco Pafnutieff Memorial g/45"]
[Site "San Francisco"]
[Date "2005.08.06"]
[Round "4"]
[White "Tsai, Chris"]
[Black "Wilson, Stephen"]
[Result "1-0"]
[WhiteElo "1491"]
[BlackElo "1140"]
[PlyCount "109"]
[EventDate "2005.08.06"]
[EventType "swiss (rapid)"]
[EventRounds "5"]
[EventCountry "USA"]
[SourceTitle "EXT 2007"]
[Source "ChessBase"]
[SourceDate "2006.11.23"]
[SourceVersion "1"]
[SourceVersionDate "2006.11.23"]
[SourceQuality "1"]

1. d4 e6 2. Nf3 Nf6 3. Bg5 Be7 4. e3 0-0 5. Nbd2 d6 6. c3 Nbd7 7. Bd3 Ne8 8. Bf4 f5 9. h4 c5 10. Bg5 a6 11. e4 fxe4 12. Bxe4 d5 13. Bc2 c4 14. Qe2 Nc7 15. 0-0-0 b5 16. Ne5 Bb7 17. Qh5 g6 18. Nxg6 Rf7 19. Nxe7+ Rxe7 20. Bxe7 Qxe7 21. Rh3 Nf6 22. Rg3+ Kh8 23. Qe5 Rg8 24. Rxg8+ Kxg8 25. Qg5+ Qg7 26. Qxg7+ Kxg7 27. Re1 Bc8 28. Nf3 Ng4 29. Re2 h6 30. Kd1 Kf7 31. Ne5+ Nxe5 32. Rxe5 Bd7 33. Ke2 Ne8 34. g4 Nf6 35. f3 Ke7 36. Bg6 Ng8 37. Ke3 Kf6 38. Bc2 Be8 39. f4 Bf7 40. Kf3 Ke7 41. f5 Nf6 42. fxe6 Bg8 43. Bf5 Ne8 44. Rxd5 Nf6 45. Rc5 Kd6 46. Kf4 Bxe6 47. Bxe6 Kxe6 48. Rc6+ Kf7 49. Rxf6+ Kxf6 50. d5 Ke7 51. g5 hxg5+ 52. hxg5 Kd6 53. g6 Ke7 54. d6+ Ke8 55. g7 1-0